Jump between all Capital Cities: Closest Capital 'strictly' N/E/S/W - Statistics

General Stats
  • This quiz has been taken 207 times
  • The average score is 78 of 195
Answer Stats
B D Tirana . P % Correct
N 131 Podgorica . P
100%
E 158 Pristina . S
98%
S 78 Skopje . S
97%
S 319 Belgrade . L
95%
E 299 Budapest . B
95%
W 324 Sarajevo . Z
95%
N 288 Zagreb . B
95%
W 486 Ljubljana . V
92%
N 278 Vienna . B
92%
E 55 Bratislava . S
91%
W 904 Andorra la Vella . P
86%
N 357 Bern . V
86%
W 405 Monaco . B
86%
S 590 San Marino . M
86%
E 159 Vaduz . V
86%
S 626 Vatican City . A
86%
E 287 Luxembourg . R
84%
N 708 Paris . L
84%
S 990 Rome . A
83%
W 995 Algiers . B
81%
W 711 Amsterdam . O
81%
E 653 Berlin . P
81%
N 1,569 Brussels . B
81%
S 810 Chisinau . T
81%
S 523 Copenhagen . L
81%
W 2,010 Dublin . W
81%
E 2,423 Helsinki . T
81%
W 957 London . R
81%
N 914 Oslo . S
81%
S 280 Prague . A
81%
N 1,891 Reykjavik . H
81%
E 417 Stockholm . C
81%
S 82 Tallinn . D
81%
(n) E 1,832 Warsaw . C
81%
W 1,911 Tunis . V
80%
S 433 Kiev . M
78%
E 172 Minsk . K
78%
N 2,297 Vilnius . M
78%
S 524 Athens . B
77%
N 561 Lisbon . S
77%
W 1,862 Rabat . L
77%
E 2,760 Sofia . A
77%
S 357 Tripoli . R
77%
W 2,869 Madrid . V
75%
(n) E 1,669 Valletta . T
75%
W 4,212 Bamako . B
69%
E 749 Ankara . N
66%
E 844 Moscow . T
66%
W 3,946 Niamey . R
66%
S 529 Nicosia . N
66%
N 5,169 Riga . M
66%
S 1,648 Tbilisi . A
66%
N 4,787 Bucharest . A
63%
N 3,566 Cairo . J
53%
E 423 Jerusalem . K
53%
S 1,816 Khartoum . M
53%
N 1,041 Yerevan . B
53%
N 4,219 Amman . B
52%
E 807 Baghdad . K
52%
E 457 Baku . T
52%
W 1,201 Damascus . Y
52%
S 556 Kuwait City . D
52%
W 2,910 Malabo . A
52%
S 536 Tehran . B
52%
W 5,142 Abuja . N
50%
W 566 Asmara . M
50%
S 939 Bangui . Y
50%
W 1,469 Beirut . R
50%
(n) E 892 N'Djamena . B
50%
(n) E 1,491 Riyadh . S
50%
S 1,066 Sanaa . A
50%
W 783 Yaounde . C
50%
E 427 Abu Dhabi . D
48%
W 558 Addis Ababa . D
48%
S 1,853 Djibouti . A
48%
N 1,707 Manama . A
48%
S 2,370 Colombo . M
44%
N 2,251 Doha . M
44%
S 2,682 Male . V
44%
E 740 Muscat . M
44%
W 2,231 Victoria . N
44%
E 801 Kathmandu . C
42%
N 4,356 New Delhi . K
42%
E 479 Bishkek . I
41%
S 1,024 Islamabad . K
41%
W 5,076 Juba . T
41%
S 446 Kabul . J
41%
W 3,865 Mogadishu . A
41%
N 5,501 Tashkent . B
41%
N 4,193 Ashgabat . D
39%
S 517 Bangkok . P
39%
S 1,170 Beijing . T
39%
E 911 Dushanbe . K
39%
W 5,610 Kampala . A
39%
W 2,822 Thimphu . V
39%
(n) E 1,694 Vientiane . B
39%
N 6,715 Astana . U
38%
W 6,019 Port Louis . D
38%
E 2,564 Ulaanbaatar . B
38%
N 6,024 Dhaka . N
34%
S 1,933 Kuala Lumpur . A
34%
N 920 Moroni . S
34%
E 736 Nay Pyi Taw . K
34%
W 6,409 Antananarivo . M
33%
S 894 Jakarta . N
33%
W 7,793 Nairobi . P
33%
E 6,852 Singapore . J
33%
N 914 Harare . H
28%
S 2,389 Melekeok . K
28%
S 2,033 Bandar Seri Begawan . D
27%
W 8,887 Dodoma . M
27%
E 9,218 Hanoi . B
27%
S 6,966 Canberra . M
25%
S 2,611 Dili . L
25%
(n) E 9,679 Manila . D
25%
W 10,505 Maputo . H
25%
(n) E 7,662 Phnom Penh . C
25%
N 1,267 Bujumbura . T
23%
W 11,653 Kigali . P
23%
W 9,981 Lilongwe . B
23%
(s) W 556 Gaborone . L
22%
N 2,208 Luanda . T
22%
W 11,797 Lusaka . P
22%
E 10,392 Taipei . M
22%
W 11,496 Maseru . P
20%
E 301 Mbabane . G
20%
N 401 Pretoria . M
20%
E 13,852 Tokyo . P
20%
S 4,449 Wellington . M
20%
W 16,190 Brazzaville . Y
19%
E 15,824 Honiara . P
19%
N 2,026 Kinshasa . H
19%
W 17,709 Libreville . O
19%
(n) E 12,755 Port Moresby . W
19%
S 1,289 Port-Vila . B
19%
(n) E 10,640 Pyongyang . S
19%
S 194 Seoul . L
19%
S 2,317 Suva . L
19%
W 15,515 Windhoek . K
19%
(n) E 16,837 Yaren . S
19%
S 3,701 Palikir . W
17%
E 17,717 Majuro . T
16%
N 1,795 Ouagadougou . M
16%
S 661 Tarawa . S
16%
S 1,520 Nuku'alofa . A
14%
W 18,495 Sao Tome . P
14%
N 886 Apia . M
13%
(w) N 2,788 Bogota . P
13%
E 1,751 Caracas . S
13%
E 19,589 Funafuti . N
13%
S 565 Georgetown . P
13%
S 4,241 Lima . Q
13%
E 8,766 Mexico City . L
13%
N 888 Nassau . S
13%
W 2,011 Port-au-Prince . N
13%
E 1,538 Port-of-Spain . G
13%
N 820 Porto-Novo . F
13%
(w) N 1,316 Quito . C
13%
S 3,270 Sucre . B
13%
S 4,896 Brasilia . S
9%
E 1,205 Kingston . B
9%
N 339 Managua . K
9%
S 1,471 Panama . S
9%
W 511 San Jose . M
9%
E 1,051 Santo Domingo . P
9%
W 3,007 Santiago . P
8%
S 5,788 Asuncion . S
6%
S 166 Banjul . C
6%
S 689 Bissau . S
6%
E 258 Bridgetown . B
6%
S 5,282 Buenos Aires . K
6%
W 4,798 Castries . R
6%
E 4,727 Dakar . B
6%
(w) N 5,295 Kingstown . D
6%
E 4,841 Nouakchott . B
6%
N 4,648 Paramaribo . P
6%
E 3,603 Praia . A
6%
N 150 Roseau . N
6%
(w) N 4,156 Saint George's . B
6%
E 7,050 Conakry . F
5%
S 126 Freetown . B
5%
W 5,008 Saint John's . W
5%
N 2,829 Washington . C
5%
E 7,564 Monrovia . M
3%
W 5,444 Basseterre . O
2%
(n) E 9,814 Lome . S
2%
N 3,343 Ottawa . M
2%
(n) E 8,977 Accra . B
0%
(s) W 9,684 Belmopan . L
0%
(sen) W 177 Guatemala City
0%
(s) W 8,403 Havana . A
0%
s (W) 6,590 Montevideo . T
0%
(s) W 9,900 San Salvador . G
0%
N 6,334 Tegucigalpa . Y
0%
E 8,967 Yamoussoukro . H
0%
No matching quizzes found
Score Distribution
Percent of People with Each Score
Percentile by Number Answered
Your Score History
You have not taken this quiz